000 00366nam a2200145Ia 4500
008 090124s9999 xx 000 0 und d
082 _b204416
245 _aCOMMUNALISM IN CONTEMPORARY INDIA
250 _a1
260 _c1994
300 _a137
630 _aCOMMUNALISM IN CONTEMPORARY INDIA
730 _aCOMMUNALISM IN CONTEMPORARY INDIA
942 _cBOOK
999 _c185997
_d185997